000 00212nam a2200121Ia 4500
100 _a#N/A
942 _cBK
654 _avidio
245 _aVidio tutorials
260 _b#N/A
546 _aENGLISH
999 _c20823
_d20823